| 000 | 00472cam a2200181ua 4500 | ||
|---|---|---|---|
| 020 | _c1.75 | ||
| 041 |
_amal _h |
||
| 082 |
_a894.8122 _bKAI/MA |
||
| 100 | _aKumara pillai, Kainikkara . | ||
| 245 |
_aManimamgalam / _cKainikkara Kumara pillai. _hTextual Documents |
||
| 250 |
_a1 / _b. |
||
| 260 |
_aKottayam : _bSahitya Pravarthaka Co-operative Society , _c1957. |
||
| 300 | _a175 ; . | ||
| 365 | _a1.75 | ||
| 504 | _a | ||
| 942 | _cBK | ||
| 999 |
_c12562 _d12562 |
||